000 00299nam a22001453 4500
001 206945
005 20250826111848.0
090 _a206945
100 _a20250826 ukry50
101 _aukr
102 _aUA
200 _a
210 _d2025
801 _2unimarc
_aUA
_gpsbo
942 _cJOURNAL